000 00896cam a22002774a 4500
001 12634692
005 20180125042300.0
008 020104s2002 nyua b 001 0 eng
010 _a 2002017573
_z 2001059791
020 _a0826120857
020 _a0826120849 (pbk.)
040 _aDLC
_cDLC
_dDLC
041 _aeng
042 _apcc
043 _an-us---
080 _a362.10973 kov
082 0 0 _a362.10973 kov
_221
100 _a3
101 _ashm
245 0 0 _aJonas and Kovner's health care delivery in the United States /
_cAnthony R. Kovner, Steven Jonas, editors.
246 3 0 _aHealth care delivery in the United States
504 _aIncludes bibliographical references and index.
906 _a7
_bcbc
_corignew
_d1
_eocip
_f20
_gy-gencatlg
942 _2ddc
_cBK
999 _c40909
_d40909